Responses for Show #2747 - Tuesday, July 9, 1996

Contestants

[<< previous game]

Linda Monk, an author and columnist originally from Vicksburg, Mississippi

Tony Harkins, a Ph.D. candidate from Madison, Wisconsin

Gary Frost, a graduate student from Chapel Hill, North Carolina (whose 1-day cash winnings total $16,200)

[next game >>]

Jeopardy! Round responses

AMPHIBIANS
FAMOUS NAMES
THE MOVIES
ORGANIZATIONS
AMERICAN HISTORY
RHYME TIME
    $100 16
eggs

Gary
    $100 21
Elizabeth

Tony
    $100 6
King Kong

Gary
    $100 26
Sherlock Holmes

Gary
    $100 1
Mount Saint Helens

Gary
    $100 11
bat hat

Linda
    $200 17
gills

Tony
    $200 22
H.R. Haldeman

Linda
    $200 7
(Tony: Who is, um...[time]?)

Gary Cooper

GaryTony
    $200 27
American Kennel Club

Gary
    $200 2
Woodrow Wilson

Gary
    $200 12
dime lime

Tony
    $300 18
tadpoles

Gary
    $300 23
Ritchie Valens

Gary
    $300 8
(Gary: What is "HUD?")

The Hustler

Gary
Triple Stumper
    $300 28
health

Linda
    $300 3
Aaron Burr

Linda
    $300 13
mean queen

Tony
    $400 19
feet (legs)

Tony
    $400 24
Greg LeMond

Gary
    $400 9
Tim Allen

Triple Stumper
    $400 29
The Salvation Army

Tony
    $400 4
Promentory Point

Gary
    $400 14
vain Dane

Gary
    $500 20
(Gary: What are vertebrae?)

vertebrates

Gary
Triple Stumper
    $500 25
F. Lee Bailey

Linda
    $500 10
Total Recall

Tony
    $500 30
Peace Corps

Linda
    $700 5
(Gary: What are Texas & New Mexico?)

Arizona & New Mexico

Gary
    $500 15
lone scone

Gary

Scores at the first commercial break (after clue 15):

Gary Tony Linda
$900 $800 $400

Scores at the end of the Jeopardy! Round:

Gary Tony Linda
$1,800 $1,900 $1,900

Double Jeopardy! Round responses

19th CENTURY PERSONALITIES
MUSIC
PHILOSOPHY
THE GOVERNOR
WORLD GEOGRAPHY
NOBEL PRIZE WINNERS
    $200 1
Russia

Linda
    $200 26
(Tony: Who is Cole Porter?)
(Gary: Who is Gershwin?)
(Alex: Which one?)

George Gershwin

GaryTony
    $200 11
Descartes

Gary
    $200 6
Republican Party

Linda
    $200 15
Brazil

Gary
    $200 21
Africa

Gary
    $400 2
Saturn

Gary
    $400 12
Plato

Gary
    $400 7
John Connally

Linda
    $400 17
Australia

Tony
    $400 22
(Alex: We have a minute to go.)

Sinclair Lewis

Linda
    $600 3
Ibsen

Gary
    $600 13
Jean-Paul Sartre

Tony
    $600 8
the James brothers

Gary
    $600 18
Israel & Jordan

Linda
    $600 25
Linus Pauling

Gary
    $800 4
Pissarro

Tony
    $1,800 28
(Gary: Who is Rossini?)
[end-of-round signal sounds]

Donizetti

Gary
    $800 14
cosmology

Triple Stumper
    $800 9
2 years

Gary
    $800 19
Sardinia

Gary
    $800 24
whooping cough

Linda
    $1000 5
Queen Liliuokalani of Hawaii

Linda
    $1000 27
"The Beggar's Opera"

Triple Stumper
    $1000 16
Kierkegaard

Tony
    $1000 10
(Tony: Who was Miller?)

Mario Cuomo

Tony
Triple Stumper
    $2,000 20
(Gary: What is Wanchai?)

Kowloon

Gary
    $1000 23
(Tony: What are quasars?)
(Gary: What are nova?)

pulsars

GaryTonyLinda

Scores at the end of the Double Jeopardy! Round:

Gary Tony Linda
$2,000 $2,500 $6,500
(lock game)

[wagering suggestions for these scores]

Final Jeopardy! Round responses

THE 20th CENTURY
GaryWhat is Spain [upside-down question mark]
$601
TonyWhat is Spain
$1,510
LindaWhat is Spain?
$1,000
Spain

Final scores:

Gary Tony Linda
$2,601 $4,010 $7,500
3rd place: Panasonic fax machine 2nd place: Bassett Legend dining room set New champion: $7,500

Game dynamics:

Coryat scores:

Gary Tony Linda
$6,500 $2,500 $6,500
24 R,
6 W
(including 3 DDs)
11 R,
4 W
14 R,
0 W

Combined Coryat: $15,500

[game clues] [game scores] [suggest correction]

Game tape date: Unknown
The J! Archive is created by fans, for fans. Scraping, republication, monetization, and malicious use prohibited; this site may use cookies and collect identifying information. See terms. The Jeopardy! game show and all elements thereof, including but not limited to copyright and trademark thereto, are the property of Jeopardy Productions, Inc. and are protected under law. This website is not affiliated with, sponsored by, or operated by Jeopardy Productions, Inc. Join the discussion at JBoard.tv.